| 000 | 00449nam a2200133Ia 4500 | ||
|---|---|---|---|
| 008 | 170419s9999 xx 000 0 und d | ||
| 100 | _aHarris, Shannon. | ||
| 245 | _aReducing 30-day readmissions for chronic obstructive pulmonary disease | ||
| 245 | _cShannon Harris, Betty Lang, Robert E. Percy, and Carl Patronas | ||
| 260 | _bJanetti Publications Inc. | ||
| 260 | _c2016 | ||
| 300 | _aNovember/December 2016 | ||
| 440 |
_aMedsurg Nursing _v25:6 |
||
| 999 |
_c329548 _d329548 |
||